000
00228nam a2200097Ia 4500
008
170619s9999 xx 000 0 und d
100
_a
GASKELL
245
0
_a
INTRO TO THE THERMODYNAMICS OF MATERIALS
260
_b
TAYLOR
260
_c
2009
546
_a
ENGLISH
999
_c
19381
_d
19381